Loading...
Fine Arts - Classical Music | 5 | 24.00 | 100% | 60% | 80% |
Fine Arts - Other Fine Arts | 8 | 20.00 | 100% | 88% | 13% |
Fine Arts - Painting & Sculpture | 7 | 21.43 | 100% | 71% | 43% |
History - American History | 4 | 12.50 | 100% | 25% | 0% |
History - European History | 5 | 14.00 | 100% | 40% | 0% |
History - Other History | 4 | 10.00 | 75% | 25% | 0% |
History - World History | 4 | 15.00 | 100% | 25% | 25% |
Literature - American Literature | 3 | 26.67 | 100% | 100% | 67% |
Literature - British Literature | 6 | 20.00 | 100% | 83% | 17% |
Literature - European Literature | 7 | 18.57 | 100% | 86% | 0% |
Literature - World Literature | 3 | 23.33 | 100% | 67% | 67% |
Mythology | 6 | 15.00 | 100% | 50% | 0% |
Other | 8 | 15.00 | 88% | 50% | 13% |
Philosophy | 9 | 14.44 | 89% | 33% | 22% |
Religion | 6 | 20.00 | 100% | 83% | 17% |
Science - Biology | 5 | 18.00 | 100% | 40% | 40% |
Science - Chemistry | 8 | 18.75 | 100% | 75% | 13% |
Science - Other Science | 4 | 20.00 | 100% | 100% | 0% |
Science - Physics | 5 | 20.00 | 100% | 100% | 0% |
Social Science | 4 | 17.50 | 75% | 75% | 25% |